La crisis del capitalismo y sus repercusiones en América Latina /

Sábháilte in:
Sonraí bibleagrafaíochta
Príomhchruthaitheoir: Aranda, Sergio
Formáid: Téacs
Ábhair:
Clibeanna: Cuir clib leis
Níl clibeanna ann, Bí ar an gcéad duine le clib a chur leis an taifead seo!

MARC

LEADER 00000 a a2200000 04500
001 41710
003
040
100 |a Aranda, Sergio  
245 |a La crisis del capitalismo y sus repercusiones en América Latina /  |c Sergio Aranda  
650 |a CAPITALISMO  
650 |a AMERICA LATINA  
650 |a LUCHA DE CLASES  
650 |a BURGUESIA  
650 |a IMPERIALISMO  
650 |a PAISES EN DESARROLLO  
773 |g volumen6, número24 ( , 1976), páginas 19-48  
999 |c 32143  |d 32143